000
00344nam a2200133Ia 4500
008
231019s9999 xx 000 0 und d
082
_a
650
_b
KHA-I
100
_a
Khalid Mehmood Cheema
245
0
_a
Introduction to Business
260
_a
Lahore, Pakistan
_b
Syed Mobin Mehmud & Co.
_c
2014
300
_a
247
650
_a
Accounting
999
_c
34453
_d
34453